Rebuilding America / (Record no. 528248)

000 -LEADER
fixed length control field 00903cam a2200313 a 4500
001 - CONTROL NUMBER
control field 3295270
003 - CONTROL NUMBER IDENTIFIER
control field NUST
005 - DATE AND TIME OF LATEST TRANSACTION
control field 20190904104809.0
008 - FIXED-LENGTH DATA ELEMENTS--GENERAL INFORMATION
fixed length control field 830318s1984 nyu b 001 0 eng
010 ## - LIBRARY OF CONGRESS CONTROL NUMBER
LC control number 83004206
020 ## - INTERNATIONAL STANDARD BOOK NUMBER
International Standard Book Number 0394532007 :
Terms of availability $20.00
020 ## - INTERNATIONAL STANDARD BOOK NUMBER
International Standard Book Number 0394716191 (pbk.) :
Terms of availability $8.95
038 ## - RECORD CONTENT LICENSOR
Staff Name msohail
040 ## - CATALOGING SOURCE
Original cataloging agency DLC
Transcribing agency DLC
Modifying agency DLC
043 ## - GEOGRAPHIC AREA CODE
Geographic area code n-us---
050 00 - LIBRARY OF CONGRESS CALL NUMBER
Classification number HC106.8
Item number .A42 1984
082 00 - DEWEY DECIMAL CLASSIFICATION NUMBER
Classification number 363.860973
Edition number 19
Author Mark VAU
100 1# - MAIN ENTRY--PERSONAL NAME
Personal name Roger J. Vaughan
9 (RLIN) 19942
245 10 - TITLE STATEMENT
Title Rebuilding America /
Statement of responsibility, etc. Roger J. Vaughan
250 ## - EDITION STATEMENT
Edition statement 1st ed.
260 ## - PUBLICATION, DISTRIBUTION, ETC.
Place of publication, distribution, etc. New York :
Name of publisher, distributor, etc. The World Bank
Date of publication, distribution, etc. [1984]
300 ## - PHYSICAL DESCRIPTION
Extent xi, 182 p. ;
Dimensions 25 cm.
500 ## - GENERAL NOTE
General note Includes index.
504 ## - BIBLIOGRAPHY, ETC. NOTE
Bibliography, etc. note Bibliography: p. 283-305.
651 #0 - SUBJECT ADDED ENTRY--GEOGRAPHIC NAME
Geographic name United States
General subdivision Economic policy
Chronological subdivision 1981-1993.
9 (RLIN) 19943
700 1# - ADDED ENTRY--PERSONAL NAME
Personal name Faux, Geoffrey P.
9 (RLIN) 19944
906 ## - LOCAL DATA ELEMENT F, LDF (RLIN)
a 7
b cbc
c orignew
d 1
e ocip
f 19
g y-gencatlg
942 ## - ADDED ENTRY ELEMENTS (KOHA)
Source of classification or shelving scheme
Koha item type Book
Holdings
Withdrawn status Lost status Source of classification or shelving scheme Damaged status Not for loan Permanent Location Current Location Date acquired Total Checkouts Full call number Barcode Date last seen Price effective from Koha item type
          School of Civil and Environmental Engineering (SCEE) School of Civil and Environmental Engineering (SCEE) 09/04/2019   363.860973 VAU NIT-10303 09/04/2019 09/04/2019 Book
© 2023 Central Library, National University of Sciences and Technology. All Rights Reserved.